Countries With The Most Expensive Gas Prices - Statistics

General Stats
  • This quiz has been taken 26 times
    3 since last reset
  • The average score is 16 of 20
Answer Stats
USD Per Gallon Expensive Country USD Per Liter % Correct
$7.621 Belgium $2.013
100%
$9.853 Denmark $2.603
100%
$8.254 Finland $2.181
100%
$8.145 France $2.152
100%
$8.870 Germany $2.343
100%
$8.403 Greece $2.220
100%
$7.631 Ireland $2.016
100%
$7.991 Italy $2.111
100%
$8.585 Liechtenstein $2.268
100%
$7.922 Monaco $2.093
100%
$9.582 Netherlands $2.531
100%
$8.075 Portugal $2.133
100%
$7.624 Spain $2.014
100%
$8.867 Albania $2.342
50%
$7.612 Austria $2.011
50%
$8.879 Israel $2.346
50%
$9.194 Norway $2.429
50%
$9.776 Singapore $2.583
50%
$8.609 Switzerland $2.274
50%
$10.820 Malawi $2.858
0%
No matching quizzes found
Score Distribution
Percent of People with Each Score
Percentile by Number Answered
Your Score History
You have not taken this quiz since the last reset